Most Lines in Brooklyn Nine-Nine Quiz Stats

 Plays Quiz not verified by Sporcle

Score 0/20 Timer 05:00
0 Plays Today
# of lines Character % Correct
6240Det. Jake Peralta
99.8%
2148Det. Amy Santiago
99.5%
2321Capt. Raymond Holt
99.4%
2607Det. Charles Boyle
99%
1463Det. Rosa Diaz
98.5%
1886Sgt. Terry Jeffords
98.1%
1407Gina Linetti
97.1%
398Det. Norm Scully
94.9%
309Det. Michael Hitchcock
94.4%
100Madeline Wuntch
70.8%
# of lines Character % Correct
115The Vulture
67.9%
89Kevin Cozner
64.2%
184Doug Judy
61.9%
187Adrian Pimento
55.6%
136Sophia Perez
46.7%
57Lynn Boyle
28.7%
62Sharon Jeffords
28.1%
57Roger Peralta
20.9%
85Bob Andersonn
10.3%
65Geoffrey Hoytsman
7%

You're not logged in!

Compare scores with friends on all Sporcle quizzes.
OR
Log In

You Might Also Like...

Show Comments

Extras

Top Quizzes Today


Score Distribution

Your Account Isn't Verified!

In order to create a playlist on Sporcle, you need to verify the email address you used during registration. Go to your Sporcle Settings to finish the process.

Report this User

Report this user for behavior that violates our Community Guidelines.

Details: